Diversity in Unity : Proceedings of the Asia-Pacific Research in Social Sciences and Humanities, Depok, Indonesia, November 7-9, 2016: Topics in Psychology and Behavioral Sciences.

The book highlights both the challenges and opportunities in the field of psychology and behavioral sciences, with an emphasis on identifying practical implications for professionals, educators and administrators and researchers in Asia and Pacific regions. Massive changes to social systems are endu...

Full description

Bibliographic Details
Main Author: Ashar Ariyanto, Amarina.
Other Authors: Muluk, Hamdi., Newcombe, Peter., Piercy, Fred P., Poerwandari, Elizabeth Kristi., Suradijono, Sri Hartati R.
Format: eBook
Language:English
Published: Milton : CRC Press LLC, 2017.
Edition:1st ed.
Subjects:
Online Access:Click to View
LEADER 02459nam a22004213i 4500
001 EBC7245660
003 MiAaPQ
005 20231204023229.0
006 m o d |
007 cr cnu||||||||
008 231204s2017 xx o ||||0 eng d
020 |a 9781351846493  |q (electronic bk.) 
020 |z 9780367735586 
035 |a (MiAaPQ)EBC7245660 
035 |a (Au-PeEL)EBL7245660 
035 |a (OCoLC)1378933618 
040 |a MiAaPQ  |b eng  |e rda  |e pn  |c MiAaPQ  |d MiAaPQ 
100 1 |a Ashar Ariyanto, Amarina. 
245 1 0 |a Diversity in Unity :  |b Proceedings of the Asia-Pacific Research in Social Sciences and Humanities, Depok, Indonesia, November 7-9, 2016: Topics in Psychology and Behavioral Sciences. 
250 |a 1st ed. 
264 1 |a Milton :  |b CRC Press LLC,  |c 2017. 
264 4 |c Ã2017. 
300 |a 1 online resource (663 pages) 
336 |a text  |b txt  |2 rdacontent 
337 |a computer  |b c  |2 rdamedia 
338 |a online resource  |b cr  |2 rdacarrier 
520 |a The book highlights both the challenges and opportunities in the field of psychology and behavioral sciences, with an emphasis on identifying practical implications for professionals, educators and administrators and researchers in Asia and Pacific regions. Massive changes to social systems are endured in this region as well as by societies worldwide, such as those related to globalization, new technologies, and new norms regarding respect for individual diversity and well-being. The book discusses various sub-fields of psychology and the behavioral sciences, such as Clinical Psychology, Child & Developmental Psychology, Organizational Psychology and Educational Psychology. 
588 |a Description based on publisher supplied metadata and other sources. 
590 |a Electronic reproduction. Ann Arbor, Michigan : ProQuest Ebook Central, 2023. Available via World Wide Web. Access may be limited to ProQuest Ebook Central affiliated libraries.  
655 4 |a Electronic books. 
700 1 |a Muluk, Hamdi. 
700 1 |a Newcombe, Peter. 
700 1 |a Piercy, Fred P. 
700 1 |a Poerwandari, Elizabeth Kristi. 
700 1 |a Suradijono, Sri Hartati R. 
776 0 8 |i Print version:  |a Ashar Ariyanto, Amarina  |t Diversity in Unity: Perspectives from Psychology and Behavioral Sciences  |d Milton : CRC Press LLC,c2017  |z 9780367735586 
797 2 |a ProQuest (Firm) 
856 4 0 |u https://ebookcentral.proquest.com/lib/matrademy/detail.action?docID=7245660  |z Click to View